000 02152nam a2200373 i 4500
001 000044108
003 DO-SdBNP
005 20250314113209.0
006 a||||gr|||| 00| 0
007 ta
008 140516t1987 sp aoc 001 0 spa d
020 _a8423969495
040 _aDO-SdBNP
_bspa
_cBNPHU
_erda
041 _aspa
082 4 _a333.703
_bD545n
_222
245 0 0 _aDiccionario de la naturaleza :
_bhombre, ecología, paisaje /
_cEstructura y coordinador, Ángel Ramos; Miguel Aguiló Alonso, Miguel Aguiló Alonso, Luis Andrés Oriver, María Paz Aramburu Maqua, Victor Manuel Castillo Sánchez, Adolfo Cazorla Montero, Antonio Día Segovia... [y otros].
264 4 _aMadrid :
_bEspasa Calpe,
_c©1987
300 _axvi, 1016 páginas :
_bilustraciones, fotografías, mapas, gráficas, retratos ;
_c26 cm.
336 _2rdacontent
_atexto
_btxt
337 _2rdamedia
_asin mediación
_bn
338 _2rdacarrier
_avolumen
_bnc
505 _aMedio biofísico. Naturaleza. Ecosfera.
_tAcciones humanas en relación con la naturaleza. Noosfera. Antroposfera.
_t1. Atmósfera.-- 2. Hidrósfera.-- 3. Geosfera.-- 4. Biosfera.-- 5. Procesos.-- 6. Recursos naturales: Fuentes de energía.-- 7. Actividades humanas, uso del suelo.-- 8. Efecto de las acciones humanas.-- 9. Problemas relevantes.-- 10. El enfoque sistémico.-- 11. La percepción de la naturaleza. Los movimientos ecologistas. 12. Protección de la naturaleza Figuras, programas. entidades.-- 12. Protección de la naturaleza. Figuras.-- 13. Medidas correctoras.-- 14. Modelos y técnicas del enfoque sistemático.
590 _aInventariado 2024 / MF
650 0 _aConservación de los recursos naturales
_vDiccionarios
_91562
700 1 _aRamos, Ángel,
_972105
_ecoordinador
700 1 _aAguiló Alonso, Miguel,
_eautor
_986185
700 1 _aOriver, Luis Andrés,
_eautor
_986192
700 1 _aAramburu Maqua, María Paz,
_eautor
_986193
700 1 _aCastillo Sánchez, Víctor Manuel,
_eautor
_986194
700 1 _aCazorla Montero, Adolfo,
_eautor
_986195
700 1 _aDía Segovia, Antonio,
_eautor
_986196
910 _aValidado. Control de Calidad/MAA
942 _2ddc
_cLBS1
999 _c43597
_d43597